Písanie prípadových štúdií ako prvok vzdelávania profesionálov

Prípadové štúdie ako jedna z aktivizujúcich metód výučby. Tvorba prípadových štúdií. Tri hlavné časti prípadovej štúdie. Prípadové štúdie - postupy pre učiteľa i študentov pri riešení prípadu. Písomná analýza prípadu. Učiteľské poznámky.

Guardado en:
Detalles Bibliográficos
Autor principal: Strážovská, Helena
Otros Autores: Strážovská, Ľubomíra
Formato: Capítulo de libro
Lenguaje:eslovaco
Materias:
Etiquetas: Agregar Etiqueta
Sin Etiquetas, Sea el primero en etiquetar este registro!

MARC

LEADER 00000naa a2200000 4500
001 0144360
005 20240502072604.7
041 0 |a slo 
044 |a SK 
245 1 0 |a Písanie prípadových štúdií ako prvok vzdelávania profesionálov  |c H. Strážovská, Ľ. Strážovská 
520 |a Prípadové štúdie ako jedna z aktivizujúcich metód výučby. Tvorba prípadových štúdií. Tri hlavné časti prípadovej štúdie. Prípadové štúdie - postupy pre učiteľa i študentov pri riešení prípadu. Písomná analýza prípadu. Učiteľské poznámky. 
610 2 0 |a vzdelávanie 
610 2 0 |a vzdelávanie vysokoškolské 
610 2 0 |a vyučovanie 
610 2 0 |a štúdie prípadové 
610 2 0 |a učitelia 
610 2 0 |a študenti 
100 1 |a Strážovská, Helena 
700 1 |a Strážovská, Ľubomíra